Sports Quiz

Random Sports or MLB Quiz

MLB: Best Players by Uniform Number Quiz Stats

 Plays Quiz not verified by Sporcle

Challenge
Share
Tweet
Score 0/58 Timer 10:00
0 Plays Today
# Player % Correct
2Derek Jeter
95.5%
9Ted Williams
88.8%
10Chipper Jones
88.3%
7Mickey Mantle
87.6%
8Cal Ripken
87.6%
4Lou Gehrig
86.4%
5George Brett
86.1%
6Stan Musial
84.4%
24Willie Mays
82.7%
25Barry Bonds
82.2%
17Todd Helton
80.5%
11Edgar Martinez
78.6%
20Mike Schmidt
78.4%
44Hank Aaron
77.7%
14Pete Rose
76.8%
noneTy Cobb
75.5%
34Kirby Puckett
74.7%
42Jackie Robinson
74.7%
31Greg Maddux
74%
19Robin Yount
70.9%
23Ryne Sandberg
69.6%
33Larry Walker
69.3%
21Roger Clemens
66.3%
47Tom Glavine
64.5%
32Steve Carlton
64.1%
51Randy Johnson
63.9%
41Tom Seaver
63.6%
45Bob Gibson
60.8%
12Roberto Alomar
60.5%
# Player % Correct
22Jim Palmer
60.5%
1Lou Whitaker
59.8%
29Rod Carew
54.6%
30Tim Raines
53.6%
26Wade Boggs
52.9%
35Phil Niekro
52.5%
57Johan Santana
51.5%
3Jimmie Foxx
51.2%
46Andy Pettitte
50.9%
27Juan Marichal
49.4%
53Don Drysdale
48.1%
13Omar Vizquel
47.8%
43Dennis Eckersley
46.7%
56Mark Buehrle
45.1%
28Bert Blyleven
44.3%
38Curt Schilling
43%
52CC Sabathia
41.4%
49Ron Guidry
41.3%
36Gaylord Perry
39.3%
37Dave Stieb
36.8%
39Dave Parker
36.8%
55Orel Hershiser
36.4%
50Jamie Moyer
34.8%
54Rich Gossage
32.8%
15Dick Allen
27.9%
16Hal Newhouser
23.5%
18Gene Tenace
14.4%
40Frank Tanana
14.1%
48Rick Reuschel
13.6%

You're not logged in!

Compare scores with friends on all Sporcle quizzes.
Join for Free
OR
Log In

You Might Also Like...

Show Comments

Extras

Top Quizzes Today


Score Distribution

Your Account Isn't Verified!

In order to create a playlist on Sporcle, you need to verify the email address you used during registration. Go to your Sporcle Settings to finish the process.

Report this User

Report this user for behavior that violates our Community Guidelines.

Details: